Dinámica de estructuras (Registro nro. 22947)
[ vista simple ]
| 000 -Cabecera | |
|---|---|
| Campo de control interno | 00971nam a2200229Ia 4500 |
| 005 - Fecha y hora del registro | |
| control field | 20260415145245.0 |
| 008 - Elementos de Longitud Fija | |
| fixed length control field | 260414t2014||||xx |||||||||||||| ||spa|| |
| 041 ## - Idioma | |
| Codigo Idioma | ESP |
| 082 ## - DEWEY y NOTACIÓN INTERNA | |
| Dewey | 624.171 |
| Notación Interna | CH566 |
| 100 ## - AUTOR | |
| Autor denominación | Chopra, Anil K. |
| Término de relación | autor |
| 245 #0 - TÍTULO DE MATERIAL BIBLIOGRÁFICO | |
| Título | Dinámica de estructuras |
| 260 ## - CIUDAD, EDITORIAL, AÑO | |
| Año | 2014 |
| 300 ## - DESCRIPCIÓN | |
| N° Páginas | xxxiii, 944 páginas : |
| Dimensiones | 24 cm. |
| 650 ## - TEMAS | |
| Temas | |
| 654 ## - PROGRAMAS | |
| Programa | Dpto. de Ingeniería Civil |
| 856 ## - URL - UBICACIÓN | |
| URI/URL: Enlace exacto del recurso | <a href="https://itmsp.museknowledge.com/UCSP?url=https://www.ebooks7-24.com:443/?il=3476&pg=1">https://itmsp.museknowledge.com/UCSP?url=https://www.ebooks7-24.com:443/?il=3476&pg=1</a> |
| Nota pública: Versión digital | <a href="Versión digital">Versión digital</a> |
| 856 ## - URL - UBICACIÓN | |
| URI/URL: Enlace exacto del recurso | <a href="https://0u213wksh-y-https-ebooks7--24-com.itmsp.museknowledge.com/biblioteca.aspx">https://0u213wksh-y-https-ebooks7--24-com.itmsp.museknowledge.com/biblioteca.aspx</a> |
| Nota pública: Versión digital | <a href="Véase además: Base de datos Ebook7-24">Véase además: Base de datos Ebook7-24</a> |
| 856 ## - URL - UBICACIÓN | |
| URI/URL: Enlace exacto del recurso | <a href="https://0u20fwkso-y-https-research-ebsco-com.itmsp.museknowledge.com/c/qxo6us/search">https://0u20fwkso-y-https-research-ebsco-com.itmsp.museknowledge.com/c/qxo6us/search</a> |
| Nota pública: Versión digital | <a href="Véase además: Base de datos EBSCOhost">Véase además: Base de datos EBSCOhost</a> |
| 856 ## - URL - UBICACIÓN | |
| URI/URL: Enlace exacto del recurso | <a href="https://0u21dwkss-y-https-ebooks-editorialmacro-com.itmsp.museknowledge.com/library">https://0u21dwkss-y-https-ebooks-editorialmacro-com.itmsp.museknowledge.com/library</a> |
| Nota pública: Versión digital | <a href="Véase además: Base de datos Macro Digital">Véase además: Base de datos Macro Digital</a> |
| 942 ## - ELEMENTOS DE KOHA | |
| Tipo de documento | Libro |
| Nombre del creador | Justo Noguera |
| Código de catalogador | Justo Noguera |
| Esquema de clasificación | Dewey Decimal Classification |
| Codigo completo | Registro | Colección | Copia número | Disponibilidad | Tipo de préstamo | Biblioteca Actual | Procedencia (Biblioteca) | Ubicacón | Fecha Ingreso | Tipo de Adquisición | Date last seen | Total checkouts | Price effective from | Tipo de Item | Estado del Material | Damaged status | Withdrawn status | Fuente de Clasificación |
|---|---|---|---|---|---|---|---|---|---|---|---|---|---|---|---|---|---|---|
| 624.171 CH566 | 1015436 | Universidad Católica San Pablo | 1 | Disponible | Disponible | Víctor Andrés Belaunde | Víctor Andrés Belaunde | Segundo piso | 14/04/2026 | Compra | 14/04/2026 | 14/04/2026 | Libro | Bueno | ||||
| 624.171 CH566 | 1056087 | Universidad Católica San Pablo | 2 | Disponible | Disponible | Víctor Andrés Belaunde | Víctor Andrés Belaunde | Segundo piso | 14/04/2026 | Compra | 14/04/2026 | 14/04/2026 | Libro | Bueno | Dewey Decimal Classification | |||
| 624.171 CH566 | 1070098 | Universidad Católica San Pablo | 5 | Disponible | Disponible | Víctor Andrés Belaunde | Víctor Andrés Belaunde | Segundo piso | 14/04/2026 | Compra | 14/04/2026 | 14/04/2026 | Libro | Bueno | Dewey Decimal Classification | |||
| 624.171 CH566 | 1068864 | Universidad Católica San Pablo | 4 | Disponible | Disponible | Víctor Andrés Belaunde | Víctor Andrés Belaunde | Segundo piso | 14/04/2026 | Compra | 14/04/2026 | 14/04/2026 | Libro | Bueno | Dewey Decimal Classification | |||
| 624.171 CH566 | 1056088 | Universidad Católica San Pablo | 2 | Disponible | Disponible | Víctor Andrés Belaunde | Víctor Andrés Belaunde | Segundo piso | 14/04/2026 | Compra | 14/04/2026 | 14/04/2026 | Libro | Bueno | Dewey Decimal Classification |




